header

State of a union (Record no. 246921)

MARC details
000 -LEADER
fixed length control field 01172nam a2200301 a 4500
100 1# - MAIN ENTRY--AUTHOR NAME
Personal name Yenshu, Emmanuel.
245 10 - TITLE STATEMENT
Title State of a union
260 ## - PUBLICATION, DISTRIBUTION, ETC. (IMPRINT)
Place of publication Bamenda, Cameroon :
Name of publisher Langaa RPCIG,
Year of publication 2012.
300 ## - PHYSICAL DESCRIPTION
Number of Pages xvi, 171 p. :
Other physical details ill., map.
650 #0 - SUBJECT ADDED ENTRY--TOPICAL TERM
Topical Term Biculturalism
856 40 - ELECTRONIC LOCATION AND ACCESS
Uniform Resource Identifier http://site.ebrary.com/lib/rucke/Doc?id=10541129

No items available.

© 2026 Rongo University
Contact us: librarian | system librarian | Rongo university